Tiempos violentos: neoliberalismo, globalización y desigualdad en América Latina. Parte 2: América Latina y el MERCOSUR ante la globalización /

Guardado en:
Bibliografiske detaljer
Hovedforfatter: Boron, Atilio A
Andre forfattere: Comp, Gambina, Julio, Minsburg, Naúm
Format: Ukendt
Udgivet: Buenos Aires: EUDEBA
Tags: Tilføj Tag
Ingen Tags, Vær først til at tagge denne postø!

MARC

LEADER 00000 a2200000 04500
001 18381
003
008 991231s d
040
090 |a 142902  
100 |a Boron, Atilio A  
245 |a Tiempos violentos: neoliberalismo, globalización y desigualdad en América Latina. Parte 2: América Latina y el MERCOSUR ante la globalización /  |c Atilio A . Boron 
260 |a Buenos Aires:   |b EUDEBA  
300 |a 318 p.  
500 |a Disponble en Cd, en No. 194113  
700 |a Comp  
700 |a Gambina, Julio  
700 |a Comp  
700 |a Minsburg, Naúm  
700 |a Comp  
999 |c 9700  |d 9700